=LDR 00000nam 2200000 4500 =001 000644 =005 20250711125121 =035 ##$$a 0010-0725000512 =007 ta =008 250711################a##########0#ind## =020 ##$$a 978-623-301-179-6 =082 ##$$a 398.209 598 =084 ##$$a 398.209 598 NUR n =100 #$$a Nurul chomaria =245 1#$$a Nama kain nenek /$c Nurul chomaria =250 ##$$a Cetakan pertama =260 ##$$a Rawamangun :$b Kementerian Pendidikan, Kebudayaan, Riset, dan Teknologi,$c 2022 =300 ##$$a 28 hlm. : $b Ilus. ; $c 29,7cm =650 #4$$a Cerita anak-indonesia =990 ##$$a TBM04110411